| 000 | 00414nam a2200181Ia 4500 | ||
|---|---|---|---|
| 005 | 20250423101238.0 | ||
| 008 | 250422s9999 xx 000 0 und d | ||
| 020 | _a0-06-064918-6 | ||
| 050 | _aBS2785.3.L38 | ||
| 100 | _aSophie Laws | ||
| 245 | 4 | _aThe Epistle of James | |
| 260 | _aNew York | ||
| 260 | _bHarper & Row Publishers Inc | ||
| 260 | _c1980 | ||
| 300 | _a271 p | ||
| 650 | _aBible | ||
| 942 | _cBK | ||
| 999 |
_c35733 _d35733 |
||